[Event "Mitropa Cup (Women)"]
[Site "Trencin"]
[Date "2025.05.18"]
[Round "5.4"]
[White "Heinatz, Gundula"]
[Black "Alfano, Emilie"]
[Result "1/2-1/2"]
[WhiteElo "2099"]
[BlackElo "2074"]
[PlyCount "76"]
[EventDate "2025.05.14"]
[EventType "team-tourn"]
[EventRounds "9"]
[EventCountry "SVK"]
[SourceTitle "CB22_2025"]
[SourceDate "2025.05.28"]
[SourceVersion "1"]
[SourceVersionDate "2025.05.28"]
[SourceQuality "1"]
[WhiteTeam "Switzerland (W)"]
[BlackTeam "France (W)"]
[WhiteTeamCountry "SUI"]
[BlackTeamCountry "FRA"]

1. d4 d5 2. Nf3 Nf6 3. c4 e6 4. g3 Be7 5. Bg2 0-0 6. 0-0 dxc4 7. Qc2 b5 8. Rd1 a6 9. Ne5 c6 10. b3 cxb3 11. axb3 Bb7 12. Ba3 Bxa3 13. Nxa3 Qc7 14. Rac1 Rc8 15. Qd2 Nd5 16. e4 Nf6 17. Nd3 Nbd7 18. e5 Nd5 19. b4 Qb6 20. Nf4 a5 21. Bxd5 cxd5 22. Rxc8+ Bxc8 23. Rc1 Bb7 24. Nh5 h6 25. Rb1 Bc6 26. Nc2 a4 27. Na3 Rc8 28. Qd3 Nb8 29. Rc1 Na6 30. Qd2 Bd7 31. Nf6+ gxf6 32. Rxc8+ Bxc8 33. exf6 Qd8 34. Qxh6 Qf8 35. Qg5+ Kh7 36. Qh5+ Kg8 37. Qg5+ Kh7 38. Qh5+ Kg8 1/2-1/2

[Event "FRA-ch U14"]
[Site "Vichy"]
[Date "2025.05.01"]
[Round "6"]
[White "Alfano, Emilie"]
[Black "Gadois, Arnaud"]
[Result "1-0"]
[WhiteElo "2074"]
[BlackElo "2048"]
[PlyCount "75"]
[EventDate "2025.04.27"]
[EventType "swiss"]
[EventRounds "9"]
[EventCountry "FRA"]
[SourceTitle "CB19_2025"]
[SourceDate "2025.05.07"]
[SourceVersion "1"]
[SourceVersionDate "2025.05.07"]
[SourceQuality "1"]

1. e4 d6 2. d4 Nf6 3. Nc3 e5 4. Nf3 Nbd7 5. Bc4 Be7 6. 0-0 0-0 7. Re1 c6 8. Bb3 Qc7 9. h3 b5 10. a3 a6 11. Bg5 exd4 12. Nxd4 Nc5 13. Nxc6 Qxc6 14. Bd5 Nxd5 15. exd5 Qb6 16. Bxe7 Re8 17. Qf3 Bb7 18. Qg3 Nd7 19. Qxd6 Qxd6 20. Bxd6 Nb6 21. Rxe8+ Rxe8 22. Rd1 Nc4 23. Bc7 Bc8 24. d6 Bd7 25. b3 Nxa3 26. Nd5 Nxc2 27. Nb6 Bc6 28. d7 Bxd7 29. Nxd7 h6 30. Nc5 Kh7 31. Nxa6 Ra8 32. Rd6 Re8 33. Ba5 Re5 34. Bc3 Re7 35. Nb4 Rc7 36. Nxc2 Rxc3 37. Nd4 b4 38. Rb6 1-0

[Event "York ChessMates 12th"]
[Site "York"]
[Date "2025.03.21"]
[Round "2.27"]
[White "Madzia, Nathan"]
[Black "Alfano, Emilie"]
[Result "0-1"]
[WhiteElo "1867"]
[BlackElo "2141"]
[PlyCount "54"]
[EventDate "2025.03.21"]
[EventType "team-swiss"]
[EventRounds "5"]
[EventCountry "ENG"]
[SourceTitle "CB13_2025"]
[SourceDate "2025.03.26"]
[SourceVersion "1"]
[SourceVersionDate "2025.03.26"]
[SourceQuality "1"]
[WhiteTeam "Yorkshire"]
[BlackTeam "Monaco"]
[WhiteTeamCountry "ENG"]
[BlackTeamCountry "MNC"]

1. e4 c5 2. Nc3 e6 3. Nge2 Nc6 4. g3 d5 5. d3 Nf6 6. Bg5 d4 7. Nb1 e5 8. Bg2 Be7 9. h3 Bd7 10. a4 a6 11. Na3 Na5 12. 0-0 Bxa4 13. f4 h6 14. Bxf6 Bxf6 15. fxe5 Bxe5 16. Nf4 Bd7 17. Qh5 Qg5 18. Qf3 0-0 19. h4 Qd8 20. Nd5 b5 21. Rf2 Nc6 22. Bf1 Ne7 23. Re1 Bc6 24. Bh3 Nxd5 25. exd5 Bxd5 26. Qg4 Qd6 27. Rxe5 Qxe5 0-1

[Event "Wch U14 Girls"]
[Site "Florianopolis"]
[Date "2024.11.01"]
[Round "4"]
[White "Urangoo, Gurvanbaatar"]
[Black "Alfano, Emilie"]
[Result "1-0"]
[WhiteElo "1808"]
[BlackElo "1960"]
[PlyCount "75"]
[EventDate "2024.10.29"]
[EventType "swiss"]
[EventRounds "11"]
[EventCountry "BRA"]
[SourceTitle "CB45_2024"]
[Source "ChessBase"]
[SourceDate "2024.11.06"]
[SourceVersion "1"]
[SourceVersionDate "2024.11.06"]
[SourceQuality "1"]

1. e4 e5 2. Nf3 Nc6 3. Bb5 a6 4. Ba4 Nf6 5. 0-0 Be7 6. Re1 b5 7. Bb3 d6 8. c3 0-0 9. h3 Bb7 10. d4 Nd7 11. Nbd2 exd4 12. cxd4 Bf6 13. Nf1 Na5 14. Bc2 Re8 15. Ng3 g6 16. Rb1 c5 17. d5 Nc4 18. Nh2 Bg7 19. b3 Ncb6 20. Bb2 Bxb2 21. Rxb2 c4 22. Rf1 Rc8 23. f4 Qh4 24. Rf3 Qf6 25. Rb1 h5 26. Kh1 h4 27. Ng4 Qe7 28. Nf1 Nc5 29. Qd4 Ncd7 30. Nfe3 cxb3 31. axb3 Rc5 32. b4 Rcc8 33. f5 Kh7 34. Bd3 Na4 35. Rbf1 Rf8 36. Nd1 Rce8 37. f6 Qd8 38. Qe3 1-0

[Event "Wch U14 Girls"]
[Site "Florianopolis"]
[Date "2024.10.30"]
[Round "2"]
[White "Kammova, Katerina"]
[Black "Alfano, Emilie"]
[Result "1/2-1/2"]
[WhiteElo "1788"]
[BlackElo "1960"]
[PlyCount "59"]
[EventDate "2024.10.29"]
[EventType "swiss"]
[EventRounds "11"]
[EventCountry "BRA"]
[SourceTitle "CB45_2024"]
[Source "ChessBase"]
[SourceDate "2024.11.06"]
[SourceVersion "1"]
[SourceVersionDate "2024.11.06"]
[SourceQuality "1"]

1. e4 c5 2. Nf3 e6 3. d4 cxd4 4. Nxd4 Nc6 5. Nc3 Qc7 6. Ndb5 Qb8 7. f4 a6 8. Nd4 Nge7 9. Be3 Ng6 10. g3 Be7 11. Qf3 Nxd4 12. Bxd4 e5 13. Be3 exf4 14. gxf4 Bh4+ 15. Kd2 b5 16. Rd1 Bf6 17. e5 Bb7 18. Nd5 Bd8 19. Kc1 Ne7 20. Bg2 Nxd5 21. Rxd5 Qc7 22. Qg3 Bxd5 23. Bxd5 Rc8 24. c3 Rg8 25. Qh3 h6 26. Qf5 Rf8 27. Rg1 g6 28. Rxg6 fxg6 29. Qxg6+ Ke7 30. Qg7+ 1/2-1/2

[Event "EU-ch U14 Girls"]
[Site "Prague"]
[Date "2024.08.31"]
[Round "9"]
[White "Alfano, Emilie"]
[Black "Toumpakari, Maria"]
[Result "1/2-1/2"]
[WhiteElo "1990"]
[BlackElo "1774"]
[PlyCount "73"]
[EventDate "2024.08.22"]
[EventType "swiss"]
[EventRounds "9"]
[EventCountry "CZE"]
[SourceTitle "CBM 221 Extra"]
[Source "ChessBase"]
[SourceDate "2024.09.30"]
[SourceVersion "1"]
[SourceVersionDate "2024.09.30"]
[SourceQuality "1"]

1. e4 c5 2. Nf3 Nc6 3. Bb5 g6 4. 0-0 Bg7 5. c3 e5 6. d3 Nge7 7. Be3 d6 8. d4 cxd4 9. cxd4 0-0 10. h3 d5 11. Bxc6 Nxc6 12. exd5 exd4 13. Nxd4 Nxd4 14. Bxd4 Qxd5 15. Bxg7 Qxd1 16. Rxd1 Kxg7 17. Nc3 Be6 18. Nb5 Rac8 19. Rd2 Rc5 20. Nd4 Re8 21. Re1 Bd7 22. Red1 Be6 23. f4 h5 24. Kf2 Kf6 25. Ne2 Rc4 26. Kf3 Bf5 27. Nd4 a6 28. Nxf5 Kxf5 29. g3 Rce4 30. Rd3 Re2 31. R1d2 R8e3+ 32. Rxe3 Rxd2 33. g4+ Kf6 34. Re2 Rd3+ 35. Re3 Rd2 36. Re2 Rd3+ 37. Re3 1/2-1/2

[Event "EU-ch U14 Girls"]
[Site "Prague"]
[Date "2024.08.25"]
[Round "4"]
[White "Alfano, Emilie"]
[Black "Halas, Neele Zoe"]
[Result "0-1"]
[WhiteElo "1990"]
[BlackElo "1785"]
[PlyCount "114"]
[EventDate "2024.08.22"]
[EventType "swiss"]
[EventRounds "9"]
[EventCountry "CZE"]
[SourceTitle "CBM 221 Extra"]
[Source "ChessBase"]
[SourceDate "2024.09.30"]
[SourceVersion "1"]
[SourceVersionDate "2024.09.30"]
[SourceQuality "1"]

1. e4 e5 2. Nf3 Nc6 3. Bb5 Nf6 4. 0-0 Nxe4 5. Re1 Nd6 6. Nxe5 Be7 7. Bf1 Nxe5 8. Rxe5 0-0 9. d4 Ne8 10. d5 d6 11. Re1 Bf5 12. Nd2 Nf6 13. c4 Nd7 14. Ne4 Bg6 15. Qd2 Nc5 16. Nxc5 dxc5 17. Qe3 Bd6 18. Bd2 Re8 19. Qb3 b6 20. Rxe8+ Qxe8 21. Re1 Qd7 22. Qe3 Kf8 23. Bc3 c6 24. dxc6 Qxc6 25. g3 Rd8 26. b3 f6 27. Bg2 Qc7 28. Be4 Re8 29. Qf3 Bxe4 30. Rxe4 Rxe4 31. Qxe4 h6 32. Qa8+ Kf7 33. Qd5+ Kf8 34. Kg2 Qe7 35. Kf3 Qc7 36. Qe6 Qe7 37. Qe4 Kf7 38. Qxe7+ Kxe7 39. Ke4 Ke6 40. f4 f5+ 41. Kf3 g6 42. h3 h5 43. g4 hxg4+ 44. hxg4 Ke7 45. gxf5 gxf5 46. Be5 Bxe5 47. fxe5 Ke6 48. Kf4 a6 49. a3 b5 50. cxb5 axb5 51. a4 c4 52. bxc4 bxa4 53. c5 a3 54. c6 a2 55. c7 Kd7 56. e6+ Kxc7 57. Kxf5 Kd8 0-1

[Event "EU-ch U14 Girls"]
[Site "Prague"]
[Date "2024.08.23"]
[Round "2"]
[White "Koghuashvili, Tekla"]
[Black "Alfano, Emilie"]
[Result "0-1"]
[WhiteElo "1805"]
[BlackElo "1990"]
[PlyCount "78"]
[EventDate "2024.08.22"]
[EventType "swiss"]
[EventRounds "9"]
[EventCountry "CZE"]
[SourceTitle "CBM 221 Extra"]
[Source "ChessBase"]
[SourceDate "2024.09.30"]
[SourceVersion "1"]
[SourceVersionDate "2024.09.30"]
[SourceQuality "1"]

1. d4 d5 2. c4 e6 3. Nf3 Nf6 4. g3 Be7 5. Bg2 0-0 6. 0-0 dxc4 7. Qc2 a6 8. a4 Bd7 9. Qxc4 Bc6 10. Nc3 Nbd7 11. Bg5 h6 12. Bxf6 Nxf6 13. Rfd1 Bd6 14. Ne5 Bxg2 15. Kxg2 Qe7 16. a5 c5 17. Na4 cxd4 18. Qxd4 Rfd8 19. Ng4 Nd5 20. e4 Nb4 21. Qc3 Rac8 22. Qb3 Bc7 23. Nc3 Rxd1 24. Nxd1 Qc5 25. Qa3 Rd8 26. Nge3 Rd2 27. b3 Qd4 28. Qc1 Nd3 29. Qa3 Qxe4+ 30. Kg1 Nxf2 31. Nxf2 Qxe3 32. Rf1 Bxg3 33. hxg3 Qxg3+ 34. Kh1 Rxf2 35. Rxf2 Qxf2 36. Qe7 Qf3+ 37. Kh2 g5 38. Qd8+ Kh7 39. Qc7 Qf4+ 0-1

[Event "EU-ch Blitz (Women)"]
[Site "Monaco"]
[Date "2024.01.12"]
[Round "8"]
[White "Alfano, Emilie"]
[Black "Rodriguez Redondo, Adhara"]
[Result "1-0"]
[WhiteElo "1828"]
[BlackElo "2130"]
[PlyCount "53"]
[EventDate "2024.01.12"]
[EventType "swiss (blitz)"]
[EventRounds "13"]
[EventCountry "MNC"]
[SourceTitle "CBM 218 Extra"]
[Source "ChessBase"]
[SourceDate "2024.03.31"]
[SourceVersion "1"]
[SourceVersionDate "2024.03.31"]
[SourceQuality "1"]

1. e4 e5 2. Nf3 Nc6 3. Bb5 a6 4. Ba4 Nf6 5. d3 Bc5 6. Nc3 h6 7. 0-0 d6 8. Be3 Bxe3 9. fxe3 0-0 10. Qe1 Ne7 11. Nh4 d5 12. Bb3 c6 13. Qg3 Qd6 14. d4 Nxe4 15. Nxe4 dxe4 16. dxe5 Qc5 17. Rf2 Nd5 18. Bxd5 cxd5 19. Raf1 Qe7 20. Ng6 fxg6 21. Rxf8+ Kh7 22. R8f7 Qe6 23. R1f6 Qxf6 24. Rxf6 gxf6 25. exf6 Bd7 26. Qc7 Rf8 27. Qxd7+ 1-0

[Event "EU-ch Blitz (Women)"]
[Site "Monaco"]
[Date "2024.01.12"]
[Round "9"]
[White "Hunt, Harriet"]
[Black "Alfano, Emilie"]
[Result "1-0"]
[WhiteElo "2306"]
[BlackElo "1828"]
[PlyCount "47"]
[EventDate "2024.01.12"]
[EventType "swiss (blitz)"]
[EventRounds "13"]
[EventCountry "MNC"]
[SourceTitle "CBM 218 Extra"]
[Source "ChessBase"]
[SourceDate "2024.03.31"]
[SourceVersion "1"]
[SourceVersionDate "2024.03.31"]
[SourceQuality "1"]

1. e4 e5 2. Nf3 Nc6 3. Bb5 a6 4. Ba4 Nf6 5. d3 b5 6. Bb3 Be7 7. 0-0 d6 8. a4 Bb7 9. Nc3 b4 10. Nd5 a5 11. Be3 0-0 12. h3 Re8 13. Nxe7+ Qxe7 14. Re1 Qd7 15. Bg5 Qe7 16. Nh4 Bc8 17. Bd5 Bd7 18. Nf5 Qd8 19. c3 bxc3 20. bxc3 Rb8 21. Qf3 Ne7 22. Nh6+ gxh6 23. Bxf6 c6 24. Qg3+ 1-0

[Event "EU-ch U12 Girls 31st"]
[Site "Mamaia"]
[Date "2023.09.13"]
[Round "8"]
[White "Alfano, Emilie"]
[Black "Czaeczine, Paula"]
[Result "1/2-1/2"]
[WhiteElo "1832"]
[BlackElo "1588"]
[PlyCount "134"]
[EventDate "2023.09.05"]
[EventType "swiss"]
[EventRounds "9"]
[EventCountry "ROU"]
[SourceTitle "CBM 216 Extra"]
[Source "ChessBase"]
[SourceDate "2023.11.30"]
[SourceVersion "1"]
[SourceVersionDate "2023.11.30"]
[SourceQuality "1"]

1. e4 e5 2. Nf3 Nc6 3. Bc4 Nf6 4. d3 Be7 5. 0-0 0-0 6. Re1 d6 7. c3 Na5 8. Bb5 a6 9. Ba4 b5 10. Bc2 c5 11. Nbd2 Re8 12. Nf1 Bf8 13. Ng3 g6 14. d4 Bg4 15. d5 c4 16. h3 Bd7 17. Bg5 h6 18. Be3 Nb7 19. Nh2 Kh7 20. Qd2 Ng8 21. f4 exf4 22. Bxf4 Bg7 23. Nf3 Qc7 24. Re2 Re7 25. Rae1 Rae8 26. Nf1 Qc5+ 27. Be3 Qc8 28. Bd4 Bxd4+ 29. cxd4 Nf6 30. Qf4 Kg7 31. Ng3 b4 32. Qc1 Bb5 33. Re3 Na5 34. a3 bxa3 35. Rxa3 Nb3 36. Bxb3 cxb3 37. Qxc8 Rxc8 38. Rxb3 Rce8 39. e5 Nxd5 40. Rc1 dxe5 41. dxe5 Rc7 42. Rxc7 Nxc7 43. Ne4 Ne6 44. Nd6 Rb8 45. Nxb5 Rxb5 46. Rxb5 axb5 47. Kf2 f6 48. exf6+ Kxf6 49. Ke3 Kf5 50. g3 Nc7 51. Kd4 Ne6+ 52. Kd5 Nc7+ 53. Kc6 Ke4 54. Nh4 g5 55. Ng6 Ne6 56. Kxb5 Kf3 57. g4 Kg3 58. Nh8 Kxh3 59. Nf7 Kxg4 60. Nxh6+ Kf4 61. b4 g4 62. Nxg4 Kxg4 63. Kb6 Kf5 64. Kb7 Ke5 65. b5 Kd6 66. b6 Nc5+ 67. Ka7 Kc6 1/2-1/2

[Event "EU-ch U12 Girls 31st"]
[Site "Mamaia"]
[Date "2023.09.11"]
[Round "6"]
[White "Alfano, Emilie"]
[Black "Khairova, Evelina"]
[Result "1-0"]
[WhiteElo "1832"]
[BlackElo "1509"]
[PlyCount "163"]
[EventDate "2023.09.05"]
[EventType "swiss"]
[EventRounds "9"]
[EventCountry "ROU"]
[SourceTitle "CBM 216 Extra"]
[Source "ChessBase"]
[SourceDate "2023.11.30"]
[SourceVersion "1"]
[SourceVersionDate "2023.11.30"]
[SourceQuality "1"]

1. e4 e6 2. d4 d5 3. Nd2 c5 4. exd5 Qxd5 5. Ngf3 cxd4 6. Bc4 Qd6 7. Qe2 Nf6 8. Nb3 Nc6 9. Bg5 Be7 10. 0-0-0 a6 11. Nbxd4 Nxd4 12. Rxd4 Qc5 13. Rhd1 0-0 14. Bb3 b6 15. Ne5 Ra7 16. h4 b5 17. g4 Nd5 18. Bxd5 Bxg5+ 19. hxg5 exd5 20. Rxd5 Qe7 21. Qe3 f6 22. gxf6 gxf6 23. Nd7 Qxe3+ 24. fxe3 Rf7 25. Nxf6+ Rxf6 26. Rd8+ Kg7 27. Rxc8 Re7 28. Rc3 Rfe6 29. Kd2 Kg6 30. Rg1 Kg5 31. Rc5+ Kg6 32. Rg3 Rd7+ 33. Kc3 Rdd6 34. a4 bxa4 35. Rf3 Re4 36. Rc4 Rxc4+ 37. Kxc4 Rc6+ 38. Kd3 Rb6 39. Kc3 Rc6+ 40. Kd2 Rd6+ 41. Kc1 Re6 42. Rf4 Rxe3 43. Rxa4 Kg5 44. Rxa6 Re4 45. Ra7 h6 46. Rg7+ Kh4 47. Kd2 Rd4+ 48. Ke3 Rb4 49. b3 Rb6 50. Kd3 Rd6+ 51. Kc3 Rc6+ 52. Kb2 Kg3 53. b4 Kf4 54. Kb3 Re6 55. b5 Ke5 56. g5 Kd5 57. gxh6 Rxh6 58. c4+ Kc5 59. Rg5+ Kb6 60. Kb4 Rh4 61. Rg6+ Kb7 62. Rd6 Kc7 63. Rc6+ Kb7 64. Re6 Rg4 65. b6 Rg1 66. Kb5 Rb1+ 67. Kc5 Ka6 68. Re8 Rh1 69. Ra8+ Kb7 70. Ra7+ Kb8 71. Rd7 Rh5+ 72. Kc6 Rh6+ 73. Rd6 Rh8 74. c5 Rc8+ 75. Kb5 Rh8 76. c6 Rh5+ 77. Ka6 Rh8 78. c7+ Kc8 79. Rd8+ Rxd8 80. cxd8Q+ Kxd8 81. b7 Kc7 82. Ka7 1-0

[Event "FRA-ch U12/16 Girls"]
[Site "Agen"]
[Date "2023.04.29"]
[Round "8"]
[White "Breuil, Virgile"]
[Black "Alfano, Emilie"]
[Result "1-0"]
[WhiteElo "1945"]
[BlackElo "1771"]
[PlyCount "133"]
[EventDate "2023.04.23"]
[EventType "swiss"]
[EventRounds "9"]
[EventCountry "FRA"]
[SourceTitle "CBM 214 Extra"]
[Source "ChessBase"]
[SourceDate "2023.07.31"]
[SourceVersion "1"]
[SourceVersionDate "2023.07.31"]
[SourceQuality "1"]

1. e4 e5 2. Nf3 Nc6 3. d4 exd4 4. Nxd4 Bc5 5. Be3 Qf6 6. c3 Nge7 7. Bc4 0-0 8. 0-0 b6 9. f4 d5 10. exd5 Na5 11. Bd3 Bb7 12. Nc2 Nxd5 13. Bxc5 bxc5 14. c4 Nb4 15. Nxb4 cxb4 16. Qc2 h6 17. Nd2 c5 18. Rf2 Rad8 19. Raf1 Nc6 20. f5 Nd4 21. Qb1 Rfe8 22. Kh1 Re5 23. Be4 Bxe4 24. Nxe4 Qc6 25. Ng3 Rde8 26. Qd1 Qf6 27. Qg4 Re1 28. h4 Rxf1+ 29. Rxf1 Kh7 30. Nh5 Qe5 31. Rf4 Rg8 32. Re4 Qxf5 33. Qxf5+ Nxf5 34. Re5 Nxh4 35. Rxc5 Rb8 36. Rc7 g6 37. Nf4 a5 38. Rxf7+ Kg8 39. Ra7 Rc8 40. b3 Rc5 41. g3 Nf5 42. Kg2 Ne3+ 43. Kf3 Nd1 44. Nd5 Kf8 45. Ra8+ Kf7 46. Ke4 a4 47. Kd4 axb3 48. axb3 Rc6 49. Nxb4 Rf6 50. Nd5 Rf3 51. b4 Rxg3 52. Ra2 Rb3 53. b5 h5 54. b6 h4 55. Kc5 h3 56. Ra1 Nc3 57. Nxc3 Rxc3 58. Rb1 h2 59. b7 Rb3 60. Rxb3 h1Q 61. b8Q Qg1+ 62. Kc6 Qg2+ 63. Kb6 Qf2+ 64. Kb5 Qf5+ 65. Kb4 Qe4 66. Qc7+ Kf6 67. Kb5 1-0

[Event "EU-ch U12 Girls 30th"]
[Site "Antalya"]
[Date "2022.11.09"]
[Round "4"]
[White "Alfano, Emilie"]
[Black "Zengin, Ovgu"]
[Result "1-0"]
[WhiteElo "1602"]
[BlackElo "1431"]
[PlyCount "83"]
[EventDate "2022.11.06"]
[EventType "swiss"]
[EventRounds "9"]
[EventCountry "TUR"]
[SourceTitle "CBM 211 Extra"]
[Source "ChessBase"]
[SourceDate "2023.01.31"]
[SourceVersion "1"]
[SourceVersionDate "2023.01.31"]
[SourceQuality "1"]

1. e4 c5 2. Nf3 e6 3. g3 d5 4. exd5 exd5 5. d4 Nf6 6. Bg2 Nc6 7. 0-0 Be7 8. dxc5 Bxc5 9. Nc3 0-0 10. Bg5 d4 11. Bxf6 Qxf6 12. Ne4 Qe7 13. Re1 Be6 14. Nfg5 Bb4 15. c3 dxc3 16. bxc3 Ba5 17. Nxh7 Bxc3 18. Nxf8 Bxa1 19. Nxe6 Qxe6 20. Qxa1 Qg6 21. Qb2 b6 22. Rc1 Rd8 23. h4 Ne7 24. Ng5 Nf5 25. Qd2 Qf6 26. Qf4 Nd4 27. Qe3 Nf5 28. Qa3 Qe5 29. Qxa7 Qf6 30. Rc6 Nd6 31. Qxb6 Qe7 32. Kh2 Ne8 33. a4 Nf6 34. f3 Nd5 35. Qb3 g6 36. a5 Ne3 37. Rxg6+ Kf8 38. Nh7+ Ke8 39. Nf6+ Qxf6 40. Rxf6 Nd5 41. Qb5+ Kf8 42. Rf5 1-0

[Event "EU-ch U12 Girls 30th"]
[Site "Antalya"]
[Date "2022.11.08"]
[Round "3"]
[White "Kuznecova, Marija"]
[Black "Alfano, Emilie"]
[Result "1-0"]
[WhiteElo "2024"]
[BlackElo "1602"]
[PlyCount "68"]
[EventDate "2022.11.06"]
[EventType "swiss"]
[EventRounds "9"]
[EventCountry "TUR"]
[SourceTitle "CBM 211 Extra"]
[Source "ChessBase"]
[SourceDate "2023.01.31"]
[SourceVersion "1"]
[SourceVersionDate "2023.01.31"]
[SourceQuality "1"]

1. e4 e5 2. Nf3 Nc6 3. d4 exd4 4. Nxd4 Bb4+ 5. Bd2 Qe7 6. Nb5 d5 7. a3 Bxd2+ 8. Nxd2 dxe4 9. Be2 Nf6 10. 0-0 a6 11. Nc3 e3 12. fxe3 Qxe3+ 13. Kh1 0-0 14. Rxf6 Rd8 15. Rf3 Qxd2 16. Qf1 Be6 17. Ne4 Qh6 18. Rg3 Ne5 19. Ng5 Qg6 20. Qf4 Qf5 21. Qe3 Bc4 22. b3 Bxe2 23. Qxe2 f6 24. Rf1 Qd7 25. Ne4 Kh8 26. Rh3 Qg4 27. Qe1 b6 28. Rh4 Qe6 29. Qg3 Ng6 30. Qxg6 Qg8 31. c4 Re8 32. Rff4 Re5 33. Rfg4 Rae8 34. h3 R8e6 1-0

[Event "Wch U12 Girls"]
[Site "Batumi"]
[Date "2022.09.21"]
[Round "6"]
[White "Sordia, Marta"]
[Black "Alfano, Emilie"]
[Result "1/2-1/2"]
[WhiteElo "1363"]
[BlackElo "1712"]
[PlyCount "104"]
[EventDate "2022.09.16"]
[EventType "swiss"]
[EventRounds "11"]
[EventCountry "GEO"]
[SourceTitle "EXT 2023"]
[Source "ChessBase"]
[SourceDate "2022.10.05"]
[SourceVersion "1"]
[SourceVersionDate "2022.10.05"]
[SourceQuality "1"]

1. e4 e5 2. Nf3 Nc6 3. Bc4 Bc5 4. c3 Nf6 5. d4 exd4 6. e5 d5 7. Bb5 Ne4 8. cxd4 Bb6 9. Nc3 0-0 10. h3 Nxc3 11. bxc3 f6 12. 0-0 Bd7 13. Bxc6 Bxc6 14. a4 Ba5 15. Ba3 Re8 16. Bb4 Bxb4 17. cxb4 Bd7 18. Qd3 Rf8 19. Rfe1 Qe7 20. Qb3 Be6 21. Re3 fxe5 22. Nxe5 Qh4 23. Nf3 Qf6 24. Rae1 Rae8 25. R1e2 c6 26. Ne5 Bf5 27. b5 Rb8 28. g4 Be6 29. Nxc6 bxc6 30. Rxe6 Qxd4 31. Rxc6 Rbe8 32. Qc2 Rxe2 33. Qxe2 Qxa4 34. Qe6+ Kh8 35. Rc8 Qd1+ 36. Kh2 Qf3 37. Rxf8+ Qxf8 38. Qxd5 Qxf2+ 39. Qg2 Qxg2+ 40. Kxg2 Kg8 41. Kf3 Kf7 42. Ke4 Ke6 43. h4 Kd6 44. Kd4 Kc7 45. h5 Kd6 46. g5 g6 47. h6 Kc7 48. Kc5 Kd7 49. Kd5 Kc7 50. Ke6 Kd8 51. Kd6 Kc8 52. Kc6 Kb8 1/2-1/2

[Event "FRA-ch U12 Girls"]
[Site "Agen"]
[Date "2022.04.23"]
[Round "8"]
[White "Alfano, Emilie"]
[Black "Neel, Laura"]
[Result "1-0"]
[WhiteElo "1477"]
[BlackElo "1680"]
[PlyCount "94"]
[EventDate "2022.04.16"]
[EventType "swiss"]
[EventRounds "9"]
[EventCountry "FRA"]
[SourceTitle "EXT 2023"]
[Source "ChessBase"]
[SourceDate "2022.10.05"]
[SourceVersion "1"]
[SourceVersionDate "2022.10.05"]
[SourceQuality "1"]

1. e4 c5 2. Nf3 e6 3. c3 d5 4. exd5 Qxd5 5. d4 Nf6 6. Be3 cxd4 7. cxd4 Nc6 8. Nc3 Qd6 9. a3 a6 10. Bd3 Be7 11. 0-0 0-0 12. Qe2 b5 13. Rad1 Bb7 14. Bb1 Bd8 15. Qd3 Ne7 16. Ng5 Ng6 17. Nge4 Nxe4 18. Nxe4 Qd5 19. f3 Bc7 20. Bf2 Rad8 21. Nc5 Bc8 22. Bc2 Qh5 23. Bg3 Bxg3 24. hxg3 Ne5 25. Qxh7+ Qxh7 26. Bxh7+ Kxh7 27. dxe5 Kg6 28. Rd6 Rxd6 29. exd6 Rd8 30. Rd1 Bd7 31. Nxa6 Kf6 32. Nc5 Bc6 33. d7 Ke7 34. Kf2 Bxd7 35. Rxd7+ Rxd7 36. Nxd7 Kxd7 37. Ke3 Kd6 38. Kd3 Kc5 39. b3 f6 40. Ke4 Kc6 41. f4 Kc5 42. g4 g6 43. f5 gxf5+ 44. gxf5 exf5+ 45. Kxf5 Kd4 46. a4 b4 47. Kxf6 Kd5 1-0

[Event "FRA-ch U12 Girls"]
[Site "Agen"]
[Date "2022.04.21"]
[Round "6"]
[White "Alfano, Emilie"]
[Black "Mence, Eline"]
[Result "0-1"]
[WhiteElo "1477"]
[BlackElo "1485"]
[PlyCount "141"]
[EventDate "2022.04.16"]
[EventType "swiss"]
[EventRounds "9"]
[EventCountry "FRA"]
[SourceTitle "EXT 2023"]
[Source "ChessBase"]
[SourceDate "2022.10.05"]
[SourceVersion "1"]
[SourceVersionDate "2022.10.05"]
[SourceQuality "1"]

1. e4 c6 2. d4 d5 3. Nd2 Nf6 4. e5 Nfd7 5. Bd3 e6 6. c3 c5 7. Ne2 Nc6 8. Nf3 cxd4 9. cxd4 Nb6 10. 0-0 Bd7 11. b3 Be7 12. Bb2 a6 13. Rc1 Nb4 14. Bb1 Bb5 15. Re1 Bxe2 16. Qxe2 Nc6 17. Red1 Nd7 18. Nd2 Nf8 19. f4 g6 20. Nf3 Qb6 21. Qf2 a5 22. Nd2 a4 23. Qe3 Nd7 24. Bc2 a3 25. Bc3 Ndb8 26. Bd3 Na6 27. Bxa6 Qxa6 28. Nf3 Kd7 29. Be1 h6 30. Bh4 Bxh4 31. Nxh4 Rac8 32. Nf3 b5 33. Ne1 b4 34. Nd3 Qb6 35. Nc5+ Ke7 36. Rc2 Na7 37. Rdc1 Nb5 38. h3 Qb8 39. Na6 Qb7 40. Nxb4 Rxc2 41. Rxc2 Rc8 42. Qd3 Rxc2 43. Qxc2 Ke8 44. Qc5 Na7 45. Kf2 Qd7 46. Na6 Qc6 47. Qxc6+ Nxc6 48. Ke3 Kd8 49. Kd3 Kc8 50. Kc3 Kb7 51. Nb4 Ne7 52. Nc2 Nf5 53. Nxa3 Ne3 54. g3 Nf1 55. g4 Ng3 56. Nb5 Ne2+ 57. Kb4 Nxf4 58. Nd6+ Kb6 59. Nxf7 Nxh3 60. Nxh6 Nf4 61. Kc3 Ne2+ 62. Kd3 Nc1+ 63. Ke3 Kc7 64. Kf4 Ne2+ 65. Kg5 Nxd4 66. Kxg6 Nf3 67. Kf6 d4 68. g5 d3 69. Ng4 Nh2 70. Ne3 d2 71. Nd1 0-1

[Event "C'Chartres Blitz op April"]
[Site "Europe Echecs INT"]
[Date "2021.04.10"]
[Round "1"]
[White "Alfano, Emilie"]
[Black "Urazayev, Arystanbek"]
[Result "0-1"]
[WhiteElo "1621"]
[BlackElo "2429"]
[PlyCount "42"]
[EventDate "2021.04.10"]
[EventType "swiss (blitz)"]
[EventRounds "11"]
[EventCountry "FRA"]
[SourceTitle "CBM 201 Extra"]
[Source "ChessBase"]
[SourceDate "2021.05.31"]
[SourceVersion "1"]
[SourceVersionDate "2021.05.31"]
[SourceQuality "1"]

1. e4 c5 2. Nf3 e6 3. c3 Nf6 4. d3 d5 5. Nbd2 Be7 6. Be2 0-0 7. 0-0 Nc6 8. Re1 Rb8 9. Qc2 b5 10. Nf1 b4 11. Ng3 a5 12. Bf4 Rb6 13. Red1 h6 14. d4 bxc3 15. bxc3 cxd4 16. cxd4 dxe4 17. Nxe4 Nb4 18. Nxf6+ Bxf6 19. Qc4 Ba6 20. Bc7 Qc8 21. Qc5 Rc6 0-1